| 000 | 00796cab a2200229 4500 | ||
|---|---|---|---|
| 001 | WB2945-47 | ||
| 008 | 090401t1993 xxu||||| |||| 00| 0 eng d | ||
| 035 | _a(Sirsi) u37073 | ||
| 041 | _aeng | ||
| 245 | _aFarm and Conservation Grant scheme changes | ||
| 260 | _c1993 | ||
| 350 | _a0 | ||
| 490 |
_aMAFF News Release _v(418/93) 30 November 1993, (2) |
||
| 520 | _aOutlines changes to the Farm and Conservation Grant Scheme published in "Farm and Conservation Grant (Amendment) Regulations 1993" (SI 1993:2900) and "Farm and Conservation Grant (Variation) Scheme 1993" (SI 1993:2901) | ||
| 650 | _aAGRI-ENVIRONMENT MEASURES | ||
| 650 | _aCAP REFORM | ||
| 650 | _aEC FUNDING | ||
| 650 | _aFARM AND CONSERVATION GRANT | ||
| 690 | _aRURAL PRACTICE | ||
| 942 | _n0 | ||
| 948 | _c04/03/1997 | ||
| 999 |
_c23988 _d23988 |
||